[Event "Heraklio SOI op 11th"]
[Site "Heraklion"]
[Date "2014.04.22"]
[Round "2"]
[White "Sandalakis, Nikolaos"]
[Black "Lantzourakis, Emmanouil"]
[Result "1-0"]
[WhiteElo "1961"]
[BlackElo "1394"]
[PlyCount "89"]
[EventDate "2014.04.21"]
[EventType "swiss"]
[EventRounds "7"]
[EventCountry "GRE"]
[SourceTitle "EXT 2024"]
[Source "ChessBase"]
[SourceDate "2023.10.10"]
[SourceVersion "1"]
[SourceVersionDate "2023.10.10"]
[SourceQuality "1"]

1. e4 e5 2. Nf3 Nc6 3. Bb5 a6 4. Ba4 Nf6 5. d3 d6 6. c3 Be7 7. Nbd2 0-0 8. 0-0 b5 9. Bc2 d5 10. Re1 dxe4 11. dxe4 Bb7 12. Qe2 Rb8 13. a4 b4 14. a5 bxc3 15. bxc3 Bd6 16. Nc4 Nd7 17. Rd1 Qe7 18. Qd2 Rfd8 19. Nxd6 cxd6 20. Qxd6 Qxd6 21. Rxd6 Nf6 22. Rxd8+ Rxd8 23. Be3 Rc8 24. h3 h6 25. Bd3 Nd8 26. Nxe5 Nxe4 27. c4 Nc5 28. Be2 Nde6 29. Rd1 f6 30. Nd7 Nb3 31. Rb1 Nxa5 32. Bd2 Be4 33. Rb6 Nd4 34. Bf1 Nxc4 35. Rb8 Rxb8 36. Bxc4+ Kh7 37. Nxb8 Bb7 38. Nxa6 Nc6 39. Nc5 Bc8 40. Be6 Bxe6 41. Nxe6 g6 42. Bc3 f5 43. Nf8+ Kg8 44. Nxg6 Kf7 45. Ne5+ 1-0

[Event "Heraklio SOI op 10th"]
[Site "Heraklion"]
[Date "2014.01.03"]
[Round "2"]
[White "Fragiadakis, Emanouel"]
[Black "Lantzourakis, Emmanouil"]
[Result "1-0"]
[WhiteElo "1932"]
[BlackElo "1398"]
[PlyCount "117"]
[EventDate "2014.01.09"]
[EventType "swiss"]
[EventRounds "7"]
[EventCountry "GRE"]
[SourceTitle "EXT 2024"]
[Source "ChessBase"]
[SourceDate "2023.10.10"]
[SourceVersion "1"]
[SourceVersionDate "2023.10.10"]
[SourceQuality "1"]

1. d4 d5 2. c4 e6 3. Nf3 Nf6 4. g3 Nbd7 5. Bg2 c5 6. Nbd2 Qb6 7. e3 cxd4 8. Nxd4 Bc5 9. N4b3 dxc4 10. Nxc4 Bb4+ 11. Bd2 Bxd2+ 12. Qxd2 Qa6 13. Nd6+ Ke7 14. Rd1 Qb6 15. Nc4 Qa6 16. Qb4+ Kd8 17. Nd6 Kc7 18. Nxf7 Rf8 19. Rd6 Qxa2 20. Rxd7+ Kxd7 21. Qxf8 Qb1+ 22. Ke2 Qxb2+ 23. Nd2 Qb5+ 24. Ke1 Qa5 25. Qd6+ Ke8 26. Ne5 Nd5 27. Bxd5 Qxd5 28. Qxd5 exd5 29. Ke2 Be6 30. Kd3 Ke7 31. Rc1 Rc8 32. Rxc8 Bxc8 33. Kd4 Ke6 34. Nd3 Kd6 35. Nf4 Bd7 36. Nxd5 Bc6 37. Nb4 Bb5 38. Ne4+ Kc7 39. Kc5 a6 40. Nd5+ Kd7 41. Nec3 Bc6 42. e4 Ke6 43. f4 h5 44. Nc7+ Kd7 45. N3d5 a5 46. Nb5 Ke6 47. Nd4+ Kd7 48. Nxc6 bxc6 49. Nb6+ Kc7 50. Nc4 a4 51. Kb4 a3 52. Nxa3 Kd6 53. Nc4+ Ke6 54. Kc5 Kf6 55. Kxc6 g5 56. f5 h4 57. Kd6 hxg3 58. hxg3 g4 59. Ne3 1-0

[Event "Iraklio SOI op-A 8th"]
[Site "Iraklio"]
[Date "2013.05.10"]
[Round "6"]
[White "Lantzourakis, Emmanouil"]
[Black "Brokalakis Gounaris, Christos"]
[Result "0-1"]
[WhiteElo "1441"]
[BlackElo "1226"]
[PlyCount "96"]
[EventDate "2013.05.06"]
[EventType "swiss"]
[EventRounds "7"]
[EventCountry "GRE"]
[SourceTitle "EXT 2024"]
[Source "ChessBase"]
[SourceDate "2023.10.10"]
[SourceVersion "1"]
[SourceVersionDate "2023.10.10"]
[SourceQuality "1"]

1. e4 e5 2. Nf3 Nc6 3. d4 exd4 4. Nxd4 Bc5 5. Nb3 Bb6 6. a4 a6 7. Nc3 Nf6 8. a5 Ba7 9. Bd3 d6 10. 0-0 h6 11. h3 0-0 12. Qf3 Ne5 13. Qe2 Be6 14. Be3 Qd7 15. Bxa7 Rxa7 16. Nd4 Nxd3 17. Qxd3 Re8 18. Qe3 Raa8 19. Nxe6 Rxe6 20. f3 Rae8 21. Qa7 c6 22. Qd4 R6e7 23. Na4 Nh5 24. Nb6 Qd8 25. Rfd1 Re6 26. Qf2 Nf4 27. Qe3 Ng6 28. c4 Qf6 29. b4 Nh4 30. Qf2 Ng6 31. c5 Rd8 32. Nc4 d5 33. exd5 Rxd5 34. Rxd5 Qxa1+ 35. Kh2 cxd5 36. Ne3 Qd4 37. Ng4 Qxf2 38. Nxf2 Re2 39. Nd3 Re3 40. Nf2 Rb3 41. Nd1 Rxb4 42. Nc3 d4 43. Nd5 Rb5 44. Nc7 Rxc5 45. Ne8 d3 46. Nd6 d2 47. Nxb7 Rc7 48. Nd6 d1Q 0-1